000 02289nam0a2200397 4500
001 RU\NLR\BIBL_A\022742124
005 20260531100041.0
010 _a978-5-907940-08-6
_9150
021 _aRU
_bКН-П-26-002185
_9КН-П-26-0198
035 _a(NLR Aleph) 022742124
090 _a13717524
_c13717524
100 _a20260303d2025 k y0rusy50 ca
101 0 _arus
102 _aRU
105 _ay z 110yd
181 0 _ai
_baxxe
182 0 _an
200 1 _aЛуи Брайль: мир – слепым
_eсборник материалов Международной научно-практической конференции ["Завершая юбилейный год Брайля"], посвящённой 215-летию со дня рождения Л. Брайля, [19 марта 2025 года]
_fРоссийская государственная библиотека для слепых
_g[сост.: Е. В. Захарова]
203 _aТекст
_bвизуальный
_cнепосредственный
210 _aМосква
_cРГБС
_d2025
215 _a163 с.
_d21
320 _aБиблиогр. в конце ст.
333 _a12+
606 1 _aКниги для слепых
_jСъезды, совещания и т.п
_91297814
_3RU\NLR\AUTH\66537199
606 1 _aАзбука Брайля
_jСъезды, совещания и т.п
_xИзучение в специальных (коррекционных) учебных заведениях
_92708632
_3RU\NLR\AUTH\6601770372
686 1 _aЧ617.167.9
686 1 _aЧ433.613я431
702 1 _4220
_7ca
_8rus
_aЗахарова
_bЕ. В.
_cканд. пед. наук
_gЕлена Васильевна
_919639
_3RU\NLR\AUTH\7736650
702 1 _4280
_aБрайль
_bЛ.
_f1809-1852
_gЛуи
_9138937
_3RU\NLR\AUTH\770138972
711 1 2 _a"Завершая юбилейный год Брайля", международная научно-практическая конференция
_eМосква
_f2025
_92699934
_3RU\NLR\AUTH\880639752
712 0 2 _4570
_aРоссийская государственная библиотека для слепых
_9374967
_3RU\NLR\AUTH\889940066
942 _cBOOK
980 _aNB